000 00498nam a2200193 a 4500
001 1770713644177
003 YourLibrary
005 20260210142821.0
008 260210s2005##################000#0#eng##
020 _a9780262693196
082 0 4 _a333.91009
_bSAB
100 1 _aSabatier, Paul A.,
_eauthor.
245 1 0 _aSwimming Upstream :
260 _bMit Press,
_c2005.
300 _a327 pages
650 0 _aBusiness & Economics.
942 _cENGLISH
040 _aYourLibrary
_beng
_cYourLibrary
999 _c611355
_d611355